Diccionario español-ruso. (Record no. 56280)

MARC details
000 -LEADER
campo de control de longitud fija 00394nam a2200145 i 4500
001 - NÚMERO DE CONTROL
campo de control 56280
003 - IDENTIFICADOR DE NÚMERO DE CONTROL
campo de control ES-MaACL
007 - CAMPO FIJO DE DESCRIPCIÓN FÍSICA--INFORMACIÓN GENERAL
campo de control de longitud fija t|
008 - DATOS DE LONGITUD FIJA--INFORMACIÓN GENERAL
campo de control de longitud fija 031007s1961 xxr ||||1| rus d
245 00 - MENCIÓN DEL TÍTULO
Título Diccionario español-ruso.
260 ## - PUBLICACIÓN, DISTRIBUCIÓN, ETC.
Lugar de publicación, distribución, etc. [S.l. :
Nombre del editor, distribuidor, etc. s.n.],
Fecha de publicación, distribución, etc. 1961.
300 ## - DESCRIPCIÓN FÍSICA
Extensión 944 p. ;
Dimensiones 21 cm.
500 ## - NOTA GENERAL
Nota general El resto de datos de la ficha están escritos en ruso.
852 ## - LOCALIZACIÓN
Ubicación ES-MaACL
Número de control de estantería E-7330
Sublocalización o colección R.91400
Holdings
Estatus retirado Estado de pérdida Estado de daño No para préstamo Colección Biblioteca de origen Biblioteca actual Ubicación en estantería Fecha de adquisición Fuente de adquisición Total de préstamos Signatura topográfica completa Código de barras Visto por última vez Precio de reemplazo Tipo de ítem Koha
        Colección de referencia Biblioteca del Ateneo de Madrid Biblioteca del Ateneo de Madrid Depósito 2 17/01/2008     E-7330 1059114 23/02/2023 23/02/2023 Libro impreso